Estructura agraria, dinámica de población y desarrollo capitalista en Centroamérica

Պահպանված է:
Մատենագիտական մանրամասներ
Համատեղ հեղինակ: CSUCA
Ձևաչափ: Տեքստ
Հրապարակվել է: San José: EDUCA
Ցուցիչներ: Ավելացրեք ցուցիչ
Չկան պիտակներ, Եղեք առաջինը, ով նշում է այս գրառումը!

MARC

LEADER 00000 a a2200000 04500
001 25549
003
040
090 |a 154803  
110 |a CSUCA  
245 |a Estructura agraria, dinámica de población y desarrollo capitalista en Centroamérica  
260 |a San José:   |b EDUCA  
300 |a 335 p.   |b **no definido**  
999 |c 5912  |d 5912